Fútbol - Selecciones que le ganaron a Alemania desde el 2000 - Estadísticas

Estadísticas generales
  • Esta prueba ha sido intentada 153 veces
    59 desde el último reinicio
  • La puntuación promedio es 14 de 18
Estadísticas de respuestas
Cantidad Primera Última Equipo % Correcto
4 2008 2024 España
100%
2 2002 2005 Brasil
98%
3 2016 2021 Francia
98%
2 2006 2012 Italia
98%
3 2000 2021 Inglaterra
93%
1 2022 2022 Japón
91%
1 2000 2000 Portugal
91%
1 2018 2018 México
87%
1 2018 2018 Corea del Sur
83%
2 2018 2019 Países Bajos
80%
1 2014 2014 Polonia
72%
1 2008 2008 Croacia
70%
1 2025 2025 Eslovaquia
63%
1 2015 2015 Irlanda
59%
1 2010 2010 Serbia
59%
1 2022 2022 Hungría
50%
2 2004 2007 República Checa
43%
1 2021 2021 Macedonia del Norte
28%
No se encontraron pruebas coincidentes
Distribución de puntuación
Porcentaje de gente con cada puntuación
Porcentaje por número respondido
Historial de tus puntuaciones
No has intentado esta prueba desde el último reinicio